Memoria 1982 / Escuela de Readaptación Profesional San Juan Bosco
Descripción Física:
31 p. ; 21 cm
MARC
| LEADER | 00000nam a2200000Ia 4500 | ||
|---|---|---|---|
| 001 | 15916 | ||
| 003 | BGR | ||
| 005 | 20260324180118.0 | ||
| 008 | 160829s9999 xx 000 0 cat d | ||
| 080 | |a FU-40-59 | ||
| 110 | 1 | |a Escuela de Readaptación Profesional San Juan Bosco (Barcelona) |9 70827 | |
| 245 | |a Memoria 1982 / Escuela de Readaptación Profesional San Juan Bosco | ||
| 260 | |a Barcelona : |b la Escuela, D.L. 1982 | ||
| 300 | |a 31 p. ; |c 21 cm | ||
| 590 | |a Prové de G-569, exp. 18 | ||
| 650 | |a Escuela de Readaptación Profesional San Juan Bosco (Barcelona) |x Memòries |9 46730 | ||
| 901 | |a Arxiu | ||
| 942 | |n 1 |2 udc |c MON | ||
| 952 | |0 0 |1 0 |4 0 |6 FU4059 |7 1 |9 53415 |a Arxiu |b Arxiu |d 2016-12-01 |l 0 |o FU-40-59 |p 15916 |r 2016-12-01 00:00:00 |w 2016-12-01 |y ARXIU | ||
| 999 | |c 57281 |d 57281 | ||